000 00280nam a2200109 4500
245 _aDrama in performance
_cRaymond Williams
100 _aWilliams, Raymond
260 _aLondon
_bC.A.Watt
_c1968
300 _ax,198p.:ill., 24cm.-
490 _aNew thinkers library
082 _a792
_bWIL
999 _c984
_d984